|
|
|
|
| LEADER |
01297nam a2200409 a 4500 |
| 001 |
nkc20102108494 |
| 003 |
CZ PrNK |
| 005 |
20120525163026.0 |
| 007 |
ta |
| 008 |
100527s2010 xr g 000 f cze |
| 015 |
|
|
|a cnb002108494
|
| 020 |
|
|
|a 978-80-86939-74-2
|q (brož.) :
|c Kč 349,00
|
| 035 |
|
|
|a (OCoLC)655157982
|
| 040 |
|
|
|a OLA001
|b cze
|
| 041 |
1 |
|
|a cze
|h eng
|
| 072 |
|
7 |
|a 821.111(73)-3
|x Americká próza
|2 Konspekt
|9 25
|
| 080 |
|
|
|a 821.111(73)-31
|2 MRF
|
| 080 |
|
|
|a (0:82-312.9)
|2 MRF
|
| 100 |
1 |
|
|a Feist, Raymond E.,
|d 1945-
|7 ola2002105343
|4 aut
|
| 245 |
1 |
0 |
|a Válka s démony.
|p Hrozba /
|c R.E. Feist ; [překlad Simona Holubcová]
|
| 246 |
3 |
0 |
|a Hrozba
|
| 250 |
|
|
|a 1. české vyd.
|
| 260 |
|
|
|a [Praha] :
|b Wales,
|c c2010
|
| 300 |
|
|
|a 351 s. ;
|c 18 cm
|
| 490 |
1 |
|
|a KČSF
|
| 500 |
|
|
|a Přeloženo z angličtiny
|
| 655 |
|
7 |
|a americké romány
|7 fd131796
|2 czenas
|
| 655 |
|
7 |
|a fantasy romány
|7 fd184199
|2 czenas
|
| 655 |
|
9 |
|a American fiction
|2 eczenas
|
| 655 |
|
9 |
|a fantasy novels
|2 eczenas
|
| 765 |
0 |
|
|t Rides a dread legion
|9 Česky
|
| 830 |
|
0 |
|a Klub čtenářů SF
|0 s
|
| 910 |
2 |
|
|a BOA001
|b 1-1281.993
|
| 990 |
|
|
|a BK
|
| 995 |
|
|
|a 01
|
| 991 |
|
|
|b 201205
|e b
|
| 996 |
6 |
|
|b 2610511091
|c 1-1281.993
|l MZK
|r Sklad / do 1 hodiny
|n 0
|p p.v.
|w 001249185
|u 000010
|a 1
|e BOA001
|j MZK50
|s P
|